| 000 | 00512nam a2200157 a 4500 | ||
|---|---|---|---|
| 999 |
_c2848 _d2848 |
||
| 001 | 2848 | ||
| 003 | CDMR | ||
| 005 | 20241120125115.0 | ||
| 008 | 130130s1917||||||||||||||||||||||||||||d | ||
| 040 |
_aCDMR _bcat _cCDMR |
||
| 110 | 2 |
_aAsociación de Periodistas de Gerona _92098 |
|
| 245 | 1 | 0 |
_aMemorias _c/ Asociación de Periodistas de Gerona |
| 260 |
_aGerona : _bla Asociación, _c[191-]-[19--] |
||
| 856 |
_uhttps://arca.bnc.cat/arcabib_pro/ca/consulta/registro.do?id=2715 _zAccés lliure (ARCA) |
||
| 942 |
_cMON _2udc |
||